<?xml version="1.0" encoding="UTF-8"?>
<record
    xmlns:xsi="http://www.w3.org/2001/XMLSchema-instance"
    xsi:schemaLocation="http://www.loc.gov/MARC21/slim http://www.loc.gov/standards/marcxml/schema/MARC21slim.xsd"
    xmlns="http://www.loc.gov/MARC21/slim">

  <leader>00956nam a22002897a 4500</leader>
  <controlfield tag="005">20170605123453.0</controlfield>
  <controlfield tag="008">170605b        xxu||||| |||| 00| 0 Urdu d</controlfield>
  <datafield tag="010" ind1=" " ind2=" ">
    <subfield code="a">A-845513</subfield>
  </datafield>
  <datafield tag="020" ind1=" " ind2=" ">
    <subfield code="c">400.00</subfield>
  </datafield>
  <datafield tag="035" ind1=" " ind2=" ">
    <subfield code="a">A-845513</subfield>
  </datafield>
  <datafield tag="037" ind1=" " ind2=" ">
    <subfield code="b">Cen Lib/Ret</subfield>
  </datafield>
  <datafield tag="040" ind1=" " ind2=" ">
    <subfield code="a">DPL</subfield>
    <subfield code="b">UR</subfield>
  </datafield>
  <datafield tag="082" ind1=" " ind2=" ">
    <subfield code="a">270</subfield>
  </datafield>
  <datafield tag="100" ind1=" " ind2=" ">
    <subfield code="a">&#x627;&#x645;&#x6CC;&#x631;&#x639;&#x644;&#x6CC;</subfield>
    <subfield code="9">136743</subfield>
  </datafield>
  <datafield tag="245" ind1=" " ind2=" ">
    <subfield code="a">/ &#x631;&#x648;&#x62D;&#x650; &#x627;&#x633;&#x644;&#x627;&#x645;</subfield>
    <subfield code="c">&#x627;&#x645;&#x6CC;&#x631;&#x639;&#x644;&#x6CC;&#x61B;&#x62A;&#x631;&#x62C;&#x645;&#x627;&#x646; &#x645;&#x62D;&#x645;&#x62F; &#x647;&#x627;&#x62F;&#x6CC; &#x62D;&#x633;&#x6CC;&#x646;</subfield>
  </datafield>
  <datafield tag="246" ind1=" " ind2=" ">
    <subfield code="a">Rooh-e-islam /</subfield>
    <subfield code="b">by Ameer Ali; traslated by Mohammad Hadi Hussain</subfield>
  </datafield>
  <datafield tag="260" ind1=" " ind2=" ">
    <subfield code="a">&#x62C;&#x645;&#x651;&#x648;&#x6BA;</subfield>
    <subfield code="b">(&#x6A9;&#x634;&#x645;&#x6CC;&#x631;&#x6CC; &#x6A9;&#x62A;&#x627;&#x628; &#x6AF;&#x647;&#x631;</subfield>
    <subfield code="c">1992</subfield>
  </datafield>
  <datafield tag="270" ind1=" " ind2=" ">
    <subfield code="a">&#x631;&#x6CC;&#x632;&#x6CC;&#x688;&#x646;&#x633;&#x6CC; &#x631;&#x648;&#x688;</subfield>
    <subfield code="b">&#x62A;&#x648;&#x6CC;</subfield>
  </datafield>
  <datafield tag="300" ind1=" " ind2=" ">
    <subfield code="a">724p.:</subfield>
    <subfield code="c">21cm(Hb)</subfield>
  </datafield>
  <datafield tag="500" ind1=" " ind2=" ">
    <subfield code="a">&#x627;&#x634;&#x627;&#x631;&#x6CC;&#x6C1; &#x627;&#x648;&#x631; &#x636;&#x645;&#x6CC;&#x645;&#x6C1; &#x628;&#x6BE;&#x6CC; &#x634;&#x627;&#x645;&#x644;</subfield>
  </datafield>
  <datafield tag="650" ind1=" " ind2=" ">
    <subfield code="a"> &#x645;&#x630;&#x6C1;&#x628;</subfield>
    <subfield code="v"> </subfield>
    <subfield code="9">136744</subfield>
  </datafield>
  <datafield tag="650" ind1=" " ind2=" ">
    <subfield code="a"> &#x627;&#x633;&#x644;&#x627;&#x645;</subfield>
    <subfield code="9">136745</subfield>
  </datafield>
  <datafield tag="650" ind1=" " ind2=" ">
    <subfield code="a">Religion</subfield>
    <subfield code="9">136746</subfield>
  </datafield>
  <datafield tag="650" ind1=" " ind2=" ">
    <subfield code="a">Islam</subfield>
    <subfield code="9">5289</subfield>
  </datafield>
  <datafield tag="700" ind1=" " ind2=" ">
    <subfield code="a">&#x645;&#x62D;&#x645;&#x62F; &#x647;&#x627;&#x62F;&#x6CC; &#x62D;&#x633;&#x6CC;&#x646;</subfield>
    <subfield code="9">136747</subfield>
  </datafield>
  <datafield tag="942" ind1=" " ind2=" ">
    <subfield code="2">ddc</subfield>
    <subfield code="c">UR</subfield>
    <subfield code="h">270</subfield>
    <subfield code="m">&#x627; &#x645; &#x6CC; &#x631;</subfield>
  </datafield>
  <datafield tag="999" ind1=" " ind2=" ">
    <subfield code="c">106021</subfield>
    <subfield code="d">106021</subfield>
  </datafield>
  <datafield tag="952" ind1=" " ind2=" ">
    <subfield code="0">0</subfield>
    <subfield code="1">0</subfield>
    <subfield code="2">ddc</subfield>
    <subfield code="4">0</subfield>
    <subfield code="7">0</subfield>
    <subfield code="a">L</subfield>
    <subfield code="b">L</subfield>
    <subfield code="d">2015-05-26</subfield>
    <subfield code="e">Cen Lib.</subfield>
    <subfield code="g">40.00</subfield>
    <subfield code="l">0</subfield>
    <subfield code="o">270&#x627; &#x645; &#x6CC; &#x631;</subfield>
    <subfield code="p">A-845513</subfield>
    <subfield code="r">2015-05-26 00:00:00</subfield>
    <subfield code="t">1</subfield>
    <subfield code="v">400.00</subfield>
    <subfield code="y">UR</subfield>
  </datafield>
</record>
